000 00526nam a2200193 a 4500
001 1766310660124
003 YourLibrary
005 20251222104446.0
008 251221s2010##################000#0#eng##
020 _a9780521730730
082 0 4 _a270.2092
_bDEG
100 1 _aDeGregorio, Scott,
_eauthor.
245 1 0 _aThe Cambridge Companion to Bede :
260 _bCambridge University Press,
_c2010.
300 _a302 pages
650 0 _aLiterary Criticism.
942 _cENGLISH
040 _aYourLibrary
_beng
_cYourLibrary
999 _c603515
_d603515